| 000 | 00897nam a2200241 a 4500 | ||
|---|---|---|---|
| 005 | 20240604063637.0 | ||
| 008 | 991125s1996 es 000 0 spa u | ||
| 020 | _a8471124106 | ||
| 035 | _aUPN01000020560 | ||
| 049 | _aCG | ||
| 050 | 4 |
_aLB775 F7.6 _bF3.38 |
|
| 100 | 1 |
_aFreinet, Célestin, _d1896-1966 |
|
| 245 | 1 | 3 |
_aLa escuela moderna francesa : _bguía práctica para la organización material, técnica y pedagógica de la escuela popular / _cCelestin Freinet ; tr. Equipo Táramo ; pról. Herminio Barreiro. |
| 260 |
_aMadrid : _bMorata, _c1996. |
||
| 300 | _a266 p. | ||
| 440 | 0 | _aRaíces de la memoria | |
| 650 | 4 |
_aInnovaciones educativas _9386 |
|
| 650 | 4 |
_aEducación _xMétodos experimentales _95868 |
|
| 650 | 4 |
_aEscuelas públicas _911657 |
|
| 740 | 4 | _aUna pedagogía moderna de sentido común : los dichos de Mateo | |
| 740 | 4 | _aLos invariantes pedagógicos | |
| 905 | _aLibro | ||
| 999 |
_c20560 _d20560 |
||